Vainqueurs du Ballon d'or - Mort Subite - Statistiques

Statistiques générales
  • Ce quiz a été pris 962 fois
  • Le résultat moyen est 15 sur 46
Answers on the Grid
Answers color-coded by a green-red scale on the quiz's grid according to % correct below.
Michael Owen
Lionel Messi
Neymar
Cristiano Ronaldo
Paolo Maldini
Kaka
Diego Maradona
Pelé
Luis Figo
Rodri
Ilkay Gundogan
Luka Modric
Franz Beckenbauer
Kingsley Coman
Arjen Robben
Karim Benzema
Filippo Inzaghi
Harry Kane
Michel Platini
Johan Cruyff
Zvonimir Boban
Marco Van Basten
Zico
Ronaldo
Ronaldinho
Zlatan Ibrahimovic
Alfrédo Di Stéfano
Kevin Keegan
Kylian Mbappé
Karl-Heinz Rummenigge
Erling Haaland
Robert Lewandowski
Luis Suarez (Espagne)
Luis Suarez (Uruguay)
Eusébio
Carlo Ancelotti
Andrea Pirlo
Zinédine Zidane
Fabio Cannavaro
Gennaro Gattuso
Bobby Charlton
Ian Rush
Raymond Kopa
Olivier Giroud
Gerd Müller
Oliver Kahn
Manuel Neuer
Clarence Seedorf
Gianni Rivera
Franco Baresi
Ruud Gullit
Frank Rijkaard
Lothar Matthäus
Roberto Baggio
David Trezeguet
Hristo Stoitchkov
Lautaro Martinez
Andriy Chevtchenko
George Best
Mohamed Salah
Rudi Völler
Allan Simonsen
Stanley Matthews
Luis Suarez (Colombie)
Omar Sivori
Josef Masopust
Lev Yachine
Victor Gyökeres
Denis Law
Gareth Bale
Florian Albert
Gheorghe Hagi
Gheorghe Popescu
Oleg Blokhine
Paolo Di Canio
Paolo Rossi
Francesco Totti
Igor Belanov
Jean-Pierre Papin
Marcel Dessailly
George Weah
Alphonso Davies
Matthias Sammer
Andreas Brehme
Rivaldo
Cafù
Pavel Nedved
Ferenc Puskas
 
Statistiques - réponses
Réponse % Correct
Lionel Messi
93%
Cristiano Ronaldo
87%
Michael Owen
65%
Kaka
60%
Rodri
57%
Karim Benzema
56%
Michel Platini
54%
Luka Modric
53%
Ronaldinho
53%
Luis Figo
49%
Ronaldo
49%
Johan Cruyff
48%
Zinédine Zidane
48%
Marco Van Basten
45%
Fabio Cannavaro
44%
Franz Beckenbauer
43%
Eusébio
36%
Alfrédo Di Stéfano
35%
Lev Yachine
32%
Andriy Chevtchenko
31%
Gerd Müller
31%
Raymond Kopa
31%
Luis Suarez (Espagne)
28%
Bobby Charlton
27%
Jean-Pierre Papin
27%
George Weah
26%
Pavel Nedved
26%
Ruud Gullit
26%
Rivaldo
25%
Roberto Baggio
22%
George Best
21%
Karl-Heinz Rummenigge
21%
Lothar Matthäus
21%
Hristo Stoitchkov
19%
Kevin Keegan
18%
Matthias Sammer
16%
Stanley Matthews
16%
Denis Law
10%
Gianni Rivera
10%
Paolo Rossi
10%
Allan Simonsen
8%
Igor Belanov
8%
Oleg Blokhine
8%
Omar Sivori
7%
Josef Masopust
6%
Florian Albert
5%
Aucun quiz correspondant
Distribution des résultats
% des personnes avec chaque résultat
Percentile par nombre de réponses
Votre historique - résultats
Vous n’avez pas pris ce quiz